| 000 | 00359nam a2200133Ia 4500 | ||
|---|---|---|---|
| 005 | 20251222144838.0 | ||
| 008 | 251222s9999||||xx |||||||||||||| ||spa|| | ||
| 020 | _a84-398-8264-5 | ||
| 082 | _a268.8/B25 | ||
| 100 | _aBarrios Moneo, Alberto | ||
| 245 | 0 | _aSe de quien me he fiado | |
| 264 | _bMisioneras del Sagrado Corazón de Jesús y María | ||
| 942 | _cLIB | ||
| 999 |
_c21129 _d21129 |
||